书目信息 |
| 题名: |
于丹《庄子》心得
|
|
| 作者: | 于丹 著 | |
| 分册: | ||
| 出版信息: | 北京 中国民主法制出版社 2007 |
|
| 页数: | 151页 | |
| 开本: | 22cm | |
| 丛书名: | CCTV10百家讲坛 | |
| 单 册: | ||
| 中图分类: | B223.55 | |
| 科图分类: | ||
| 主题词: | 庄子--研究 , 道家 | |
| 电子资源: | ||
| ISBN: | 978-7-80219-226-3 | |
| 000 | 00881nam0 2200289 450 | |
| 000 | 00887nam0 2200289 450 | |
| 000 | 00817nam0 2200265 450 | |
| 000 | 00781nam0 2200253 45 | |
| 005 | 20070517162524.70 | |
| 010 | @a978-7-80219-226-3@dCNY20.00 | |
| 100 | @a20070402d2007 em y0chiy0120 ea | |
| 101 | 0 | @achi |
| 102 | @aCN@b110000 | |
| 105 | @aa z 000yy | |
| 200 | 1 | @a于丹《庄子》心得@AYu Dan《 Zhuang Zi》 Xin De@f于丹著@FYu Dan Zhu |
| 210 | @a北京@c中国民主法制出版社@d2007 | |
| 215 | @a151页@c图@d22cm | |
| 225 | 2 | @aCCTV10百家讲坛 |
| 330 | @a本书主要讲了作者读《庄子》时的心得,包括庄子何其人,境界有大小,感悟与超越,认识你自己等内容。 | |
| 410 | 0 | @12001 @aCCTV10百家讲坛 |
| 600 | 1 | @a庄子 |
| 606 | 1 | @a庄子@x研究 |
| 606 | 0 | @a道家 |
| 690 | @aB223.55@v4 | |
| 701 | 0 | @a于丹@AYu Dan@4著 |
| 801 | 0 | @aCN@bTAOJIN@c20070517 |
| 905 | @a10447@dB223.55@e309 | |
| 于丹《庄子》心得/于丹著.-北京:中国民主法制出版社,2007 |
| 151页:图;22cm.-(CCTV10百家讲坛) |
| ISBN 978-7-80219-226-3:CNY20.00 |
| 本书主要讲了作者读《庄子》时的心得,包括庄子何其人,境界有大小,感悟与超越,认识你自己等内容。 |
| ● |
| 相关链接 |
|
|
|
|
正题名:于丹《庄子》心得
索取号:B223.55/309
 
预约/预借
| 序号 | 登录号 | 条形码 | 馆藏地/架位号 | 状态 | 备注 |
| 1 | 0521074 | 205210742 | 第一样本阅览室/ [索取号:B223.55/309] | 在馆 | |
| 2 | 0521075 | 205210751 | 第一借阅区/ [索取号:B223.55/309] | 在馆 | |
| 3 | 0521076 | 205210760 | 第一借阅区/ [索取号:B223.55/309] | 在馆 | |
| 4 | 0521077 | 205210779 | 第一借阅区/ [索取号:B223.55/309] | 在馆 | |
| 5 | 0521078 | 205210788 | 第一借阅区/ [索取号:B223.55/309] | 在馆 | |
| 6 | 0521079 | 205210797 | 第一借阅区/ [索取号:B223.55/309] | 在馆 | |
| 7 | 0521080 | 205210804 | 第一借阅区/ [索取号:B223.55/309] | 在馆 | |
| 8 | 0521081 | 205210813 | 第一借阅区/ [索取号:B223.55/309] | 在馆 |